000 01287nam a2200265Ia 4500
003 OSt
005 20220930095039.0
006 a|||||r|||| 00| 0
007 ta
008 220926b |||||||| |||| 00| 0 san d
024 _a68485
037 _cTheses
040 _aCRL
_cCRL
_bsan
041 _2san
_asan
100 _aवीरेद्र कुमार, ले.
110 _aदिल्ली विश्वविद्यालय. कला संकाय. संस्कृत विभाग
245 0 _aविशिष्टाद्वैत की तत्वमीमांसा
_b न्यायसिद्धा×जन एवं वेदान्तकारिकावली के संदर्भ में, वीरेद्र कुमार
246 _aVishiṣhṭādvait kī tatvamīmāansā: nyāyasiddhā×jan evan vedāntakārikāvalī ke sandarbha mean, vīredra kumāra
260 _c2018
300 _a246पृ0
_ap.
_ccm.
650 _aसंस्कृत साहित्य
700 _aदिल्ली विश्वविद्यालय. कला संकाय. संस्कृत विभाग
942 _cDIS
_2CC
999 _c888221
_d888221